[Event "BRA-ch (Women) 62nd"]
[Site "Timbo"]
[Date "2023.10.31"]
[Round "4"]
[White "Staats, Isabelli Da Silva"]
[Black "Tribess, Luana Eduarda"]
[Result "0-1"]
[WhiteElo "1753"]
[BlackElo "1403"]
[PlyCount "120"]
[EventDate "2023.10.29"]
[EventType "swiss"]
[EventRounds "9"]
[EventCountry "BRA"]
[SourceTitle "Mega2024 Update 01"]
[Source "Chessbase"]
[SourceDate "2023.11.12"]
[SourceVersion "1"]
[SourceVersionDate "2023.11.12"]
[SourceQuality "1"]

1. d4 Nf6 2. Bg5 d5 3. Bxf6 exf6 4. Nf3 g6 5. g3 Bg7 6. Bg2 0-0 7. h4 Re8 8. Nc3 c6 9. Qd2 b5 10. h5 Nd7 11. g4 Nb6 12. g5 fxg5 13. Qxg5 Qxg5 14. Nxg5 Bxd4 15. hxg6 hxg6 16. e3 Bf6 17. Nf3 Nc4 18. 0-0-0 Nxb2 19. Kxb2 b4 20. Nd4 bxc3+ 21. Ka1 Bd7 22. Bh3 Bxh3 23. Rxh3 Rac8 24. Rg3 Kf8 25. Ne2 Re4 26. Rf3 Be5 27. Rd3 Rc4 28. Nd4 Rb8 29. Rh3 Ke7 30. Rh7 Bxd4 31. Rxd4 Rxd4 32. exd4 Rb2 33. Rh3 Rxc2 34. Re3+ Kd7 35. Re1 Rxf2 36. Rc1 Rf3 37. a3 Rd3 38. Ka2 Rxd4 39. Rxc3 f5 40. Rb3 Kc7 41. Re3 Re4 42. Rh3 g5 43. Rh7+ Kb6 44. Rg7 g4 45. Kb2 Re3 46. Rf7 Rf3 47. a4 g3 48. Rg7 f4 49. Kc2 Ra3 50. Kd2 Rxa4 51. Ke2 g2 52. Kf3 Ra2 53. Kxf4 a5 54. Rg6 Kc5 55. Kf3 a4 56. Ke3 a3 57. Kd3 Rb2 58. Kc3 d4+ 59. Kd3 a2 60. Rg5+ Kb6 0-1

[Event "BRA-ch (Women) 62nd"]
[Site "Timbo"]
[Date "2023.10.30"]
[Round "3"]
[White "Silva, Juliana Figueira Th"]
[Black "Staats, Isabelli Da Silva"]
[Result "1-0"]
[WhiteElo "1670"]
[BlackElo "1753"]
[PlyCount "63"]
[EventDate "2023.10.29"]
[EventType "swiss"]
[EventRounds "9"]
[EventCountry "BRA"]
[SourceTitle "Mega2024 Update 01"]
[Source "Chessbase"]
[SourceDate "2023.11.12"]
[SourceVersion "1"]
[SourceVersionDate "2023.11.12"]
[SourceQuality "1"]

1. d4 c5 2. d5 e5 3. c4 d6 4. e4 Be7 5. Nc3 Bg5 6. Nf3 Bxc1 7. Rxc1 Nf6 8. Be2 Bg4 9. 0-0 h5 10. Qd2 h4 11. h3 Bd7 12. Nh2 Rg8 13. f4 Qe7 14. Rf2 Na6 15. Rcf1 0-0-0 16. a3 Nc7 17. b4 cxb4 18. axb4 a6 19. c5 Nb5 20. Bxb5 Bxb5 21. Nxb5 Nxe4 22. Qc2 dxc5 23. Qxe4 axb5 24. bxc5 f6 25. fxe5 fxe5 26. d6 Qd7 27. Rf7 Qc6 28. Rc7+ Kb8 29. Rxc6 bxc6 30. Qxc6 Rc8 31. Qb6+ Ka8 32. Ra1# 1-0